000 00657nam a2200193 i 4500
001 176960
003 ES-MaACL
005 20230906220224.0
008 110221s2010 sp a |||| | spa d
020 _a978-84-613-8506-5
080 _a331.572.2(460)
100 1 _aCarretero Miramar, José Luis.
_9139590
245 1 0 _aEntender la descentralización productiva /
_cJosé Luis Carretero Miramar.
260 _aMadrid :
_bConfederación Sindical Solidaridad Obrera,
_c[2010]
300 _a178 p. :
_bil. ;
_c19 cm.
650 0 4 _aFlexibilidad laboral-
_zEspaña.
_912898
651 4 _aEspaña-
_xPolítica de empleo.
_9145302
852 _aES-MaACL
_jE-14382
999 _c176960
_d176960